000 00522nam a22001937a 4500
999 _c14864
_d14864
003 MIRAKIL
005 20220318154224.0
008 220318b tu ||||| |||| 00| 0 tur d
020 _a9758098101
040 _aTR-AnCHP
_cTR-AnCHP
041 _atur
082 _a320.5315
_bK26s 2002
100 1 _aKarakaş, Ercan
245 1 0 _aSol yeniden /
_cErcan Karakaş.
260 _aİstanbul :
_bSosyal Demokrasi Vakfı,
_c2002.
300 _a111 s.:
_c20 sm.
650 0 _9817
_asosyal demokrasi
_xTürkiye
942 _2ddc
_cBKS